A vegetariana (Record no. 2017)

MARC details
000 -Etiqueta do registo
Valores 00680nam a2200253 4500
010 ## - Número ISBN
ISBN 9789722061070
021 ## - Número do Depósito Legal
Código do país Portugal
Número 422154/17
100 ## - Dados gerais de processamento
Dados gerais 20251215d2024 m||y0pory50030103ba
101 ## - Língua de publicação
Língua Português
102 ## - País de publicação
País Portugal
200 ## - Titulo e menção de responsabilidade
Título próprio A vegetariana
Primeira menção de responsabilidade Han Kang
Outras menções de responsabilidade trad. Maria do Carmo Figueira
205 ## - Menção da edição
Edição 6ª edição
210 ## - Publicação
Local de publicação Alfragide
Nome do editor D. Quixote
Data de publicação 2019
215 ## - Descrição física 
Paginação / Volumes 190 p.
Dimensões 23 cm
300 ## - Notas gerais 
Texto da nota BMB-Registado
606 ## - Nome comum usado como assunto
ID Autoridade 2885
Palavra de ordem Literatura Sul-Coreana
606 ## - Nome comum usado como assunto
ID Autoridade 779
Palavra de ordem Romance
675 ## - CDU
Notação 821.531-31
Edição BMB
Língua por
700 ## - Autor principal (pessoa individual)
Apelido Kang
Datas 1970-
ID Autoridade 2886
Nome Han
702 ## - Autor secundário (pessoa individual)
Apelido Figueira
Nome Maria do Carmo
Datas 1955-
Função Tradutor
ID Autoridade 926
801 ## - Fonte de origem
País PT
Agência BMB
Regras de catalogação RPC
990 ## - Elementos KOHA
Tipo de documento Livro
Holdings
Situação do levantamento Estado Número Biblioteca de origem Código de barras Cota Permissão de empréstimo Tipo de documento Forma de aquisição
    1 Biblioteca Municipal de Borba 1967 821.531-31 KAN / VEG   Livro Compra
Biblioteca Municipal de Borba

Powered by Koha